Em que país o língua é falado? - Statistics

Estatísticas Gerais
  • Esse quiz foi jogado 106 vezes
  • A pontuação média é 7 de 14
Estatísticas das Respostas
Língua País % Correto
Esloveno Eslovênia
100%
Persa Irã
88%
Havaiano Estados Unidos
84%
Basco Espanha
70%
Zulu África do Sul
65%
Curdo Turquia
63%
Punjabi Paquistão
43%
Amárico Etiópia
39%
Khmer Camboja
37%
Tâmil Índia
35%
Frísio Países Baixos
16%
Hauçá Nigéria
13%
Gilbertês Kiribati
11%
Acehnese Indonésia
5%
Nenhum quiz correspondente encontrado
Distribuição das Pontuações
Porcentagem de Pessoas com Cada Pontuação
Percentil de Números Respondidos
Sua Pontuação Histórica
Você não jogou esse quiz